长株城际车站(含湘潭支线)Changsha-Zhuzhou Intercity Railway Stations - Statistics

General Stats
  • This quiz has been taken 15 times
  • The average score is 14 of 24
Answer Stats
答案 % Correct
长沙西站
92%
长沙站
92%
株洲站
75%
株洲南站
75%
麓谷站
67%
尖山站
67%
开福寺站
67%
湘府路站
67%
湘潭站
67%
谷山站
58%
观沙岭站
58%
树木岭站
58%
香樟路站
58%
田心东站
58%
八方山站
50%
先锋站
50%
暮云站
50%
九郎山站
50%
昭山站
50%
板塘站
50%
洞井站
42%
芙蓉南站
42%
大丰站
42%
荷塘站
42%
No matching quizzes found
Score Distribution
Percent of People with Each Score
Percentile by Number Answered
Your Score History
You have not taken this quiz